Statistics for Asian Capitals Without First or Last Letters Quiz #2

Click here to take the quiz!

General Stats

  • This quiz has been taken 31 times
  • The average score is 11 of 12

Answer Stats

Asian Capitals Without First or Last LettersFull Asian Capitals (and Countries)% Correct
eijinBeijing (China)
100%
amascuDamascus (Syria)
100%
athmandKathmandu (Nepal)
100%
yongyanPyongyang (North Korea)
100%
iyadRiyadh (Saudi Arabia)
100%
okyTokyo (Japan)
100%
erusaleJerusalem (Israel)
97%
nkarAnkara (Turkey)
90%
ientianVientiane (Laos)
90%
bilisTbilisi (Georgia)
86%
abuKabul (Afghanistan)
83%
alMalé (Maldives)
76%

Score Distribution

Percentile by Number Answered

Percent of People with Each Score

Your Score History

You have not taken this quiz